000 00771nam a2200193 a 4500
008 091008s1997 ||||||||||||||||| || u
050 _aADB(08)ER/35
100 _aFundanga, Caleb M
245 1 0 _aPrivatization of public enterprises in Zambia: an evaluation of the policies, procedures and experiences
_cby Caleb M. Fundanga and Andrew Mwaba
260 _aAbidjan:
_bADB
_c1997
300 _a31p.
350 _a0.00
490 _aADB Economic research papers
650 _aGOVERNMENT BUSINESS ENTERPRISES--ZAMBIA
650 7 _aAFRICA
_2fast
700 _aMwaba, Andrew
710 _aAfrican Development Bank (ADB)
995 _D0.00
_FCBU-MAIN LIBRARY (Kitwe)
_H1
_I0.00
_M1
_UAVAILABLE
_WOct 8, 2009
_ZZambiana Collection
999 _c54717
_d54717